[Event "Fyn-ch"]
[Site "Odense"]
[Date "2008.01.24"]
[Round "2"]
[White "Sorensen, Jimmy F"]
[Black "Nielsen, Villy"]
[Result "1-0"]
[WhiteElo "1517"]
[BlackElo "1128"]
[PlyCount "91"]
[EventDate "2008.01.10"]
[EventType "swiss"]
[EventRounds "7"]
[EventCountry "DEN"]
[SourceTitle "EXT 2018"]
[Source "ChessBase"]
[SourceDate "2017.10.13"]
[SourceVersion "1"]
[SourceVersionDate "2017.10.13"]
[SourceQuality "1"]

1. e4 c6 2. d4 e5 3. Nf3 exd4 4. Nxd4 Bc5 5. Nb3 Bb6 6. c4 a5 7. c5 Ba7 8. Nc3 Qf6 9. Be3 Ne7 10. Be2 Ng6 11. 0-0 0-0 12. f4 Na6 13. e5 Qe7 14. Bxa6 bxa6 15. Ne4 Nh4 16. Qd6 Nf5 17. Qxe7 Nxe7 18. Nxa5 Nd5 19. Nc4 a5 20. Bd2 Ba6 21. Rac1 Nb4 22. Bxb4 axb4 23. Rf3 Rfe8 24. Ncd6 Re7 25. Rb3 h6 26. Rxb4 Bd3 27. Rc3 Bxe4 28. Nxe4 f6 29. exf6 gxf6 30. Nxf6+ Kf7 31. Ng4 Re6 32. Ne5+ Ke7 33. Rb7 Rd6 34. g3 Rd5 35. Nxc6+ Ke6 36. Rxa7 Rc8 37. Ne5 d6 38. cxd6 Rxc3 39. bxc3 Rxd6 40. Kf2 Rd2+ 41. Kf3 Rxh2 42. Ra6+ Kd5 43. c4+ Kc5 44. a3 h5 45. Ke3 Rh3 46. Rc6# 1-0